| 000 | 01167nac a22003257a 4500 | ||
|---|---|---|---|
| 001 | BR7805657 | ||
| 003 | BR-BrBNA | ||
| 005 | 20240105114306.0 | ||
| 008 | 230509b bl.|||m| |||| 00| 0 por d | ||
| 040 |
_aBR-BrBNA _bpor _cBiblioteca Nacional de Agricultura |
||
| 072 | _aE70; E10 | ||
| 090 | _aE70 BR7805657 | ||
| 110 | 1 |
_aCompanhia Brasileira de Entrepostos e Comercio, Rio de Janeiro, RJ _92319 |
|
| 245 | 1 | _aRelatorio COBEC 78 [Companhia Brasileira de Entreposto e Comercio; Comercio exterior; Estatistica comercial; Exportacao; Politica comercial; Administracao de empresa] | |
| 260 | 3 |
_aRio de Janeiro, RJ (Brasil): _c[nd]. |
|
| 300 | _a27 p. | ||
| 490 |
_aRelatorio - Companhia Brasileira de Entrepostos e Comercio (Brazil) _v _x |
||
| 500 | _a34 illus.; Published 1978? | ||
| 650 | _aComercializacao | ||
| 650 | _aMacroeconomia | ||
| 650 | _aDesenvolvimento comercial | ||
| 650 | _aComercio exterior | ||
| 650 | _aEntreposto | ||
| 650 | _aEstatistica comercial | ||
| 650 | _aExportacao | ||
| 650 | _aPolitica comercial | ||
| 650 | _aAdministracao de empresa | ||
| 909 |
_a202312 _bLúcia Elande _c55 _dLúcia Elande |
||
| 942 |
_2AGRIS _n0 _cMS |
||
| 999 |
_c268504 _d268504 |
||